000 00382nam a22001697a 4500
005 20260408162452.0
008 160615b xxu||||| |||| 00| 0 eng d
020 _a81-7671-037-7
041 _aeng
082 _a658.4012
100 _aDeming, W. Edward
_91976
245 _aOut of the Crisis
260 _bEast West
_c2003
300 _a492
650 _amanagement
942 _cBK
999 _c2768
_d2767